[Event "Junior Online 4NCL Division 5"]
[Site "online"]
[Date "2020.04.30"]
[Round "3.62"]
[White "Wood, Gabriel"]
[Black "Morgan, Emyr"]
[Result "1-0"]
[WhiteElo "1345"]
[BlackElo "757"]
[PlyCount "71"]
[EventDate "2020.04.30"]
[WhiteTeam "Hull and Friends 2"]
[BlackTeam "Rhydypenau Raiders"]

1. e4 e5 2. Nf3 Nc6 3. Bc4 Bc5 4. c3 Nf6 5. d4 Bd6 6. Bg5 exd4 7. cxd4 h6 8.
Bxf6 gxf6 9. O-O Na5 10. Qd3 f5 11. e5 Bb4 12. a3 Bf8 13. b4 Nxc4 14. Qxc4 d5
15. Qe2 b6 16. Nc3 a5 17. Qb5+ Bd7 18. Qxd5 c6 19. Qb3 Qc7 20. d5 Qb7 21. e6
fxe6 22. dxe6 Bc8 23. Ne5 Qa7 24. Nxc6 Qg7 25. Rfe1 Rg8 26. g3 Ba6 27. e7 Bxe7
28. Rxe7+ Qxe7 29. Nxe7 Kd8 30. Qxg8+ Kxe7 31. Qxa8 Kf6 32. Qxa6 h5 33. Qxb6+
Kg5 34. h3 h4 35. gxh4+ Kxh4 36. Qh6# 1-0

[Event "Junior Online 4NCL Division 5"]
[Site "online"]
[Date "2020.04.30"]
[Round "3.63"]
[White "Greenman, Max"]
[Black "Pointon, Natasha"]
[Result "0-1"]
[WhiteElo "561"]
[BlackElo "1165"]
[PlyCount "76"]
[EventDate "2020.04.30"]
[WhiteTeam "Rhydypenau Raiders"]
[BlackTeam "Hull and Friends 2"]

1. e4 e5 2. Nf3 Nc6 3. Bc4 Bc5 4. O-O Nf6 5. Nc3 O-O 6. h3 d6 7. d3 Re8 8. Bd2
Be6 9. Bxe6 Rxe6 10. Ng5 Re7 11. Nf3 Qd7 12. Bg5 Re6 13. Qe2 h6 14. Bxf6 Rxf6
15. Nd5 Re6 16. b3 Rd8 17. c4 Nd4 18. Nc3 Nxe2+ 19. Nxe2 a6 20. Rad1 Qe7 21. d4
exd4 22. Nexd4 Bxd4 23. Nxd4 Rxe4 24. Nf3 Re8 25. Ra1 c6 26. a4 d5 27. cxd5
cxd5 28. Rad1 Rd8 29. b4 d4 30. b5 axb5 31. axb5 b6 32. Rfe1 Rxe1+ 33. Rxe1 Qc5
34. Re5 Qc1+ 35. Re1 Qb2 36. Re5 Qa1+ 37. Re1 Qa2 38. Re8+ Rxe8 0-1

[Event "Junior Online 4NCL Division 5"]
[Site "online"]
[Date "2020.04.30"]
[Round "3.64"]
[White "Device, Trinity"]
[Black "Kong, Emma"]
[Result "0-1"]
[WhiteElo "932"]
[BlackElo "599"]
[PlyCount "72"]
[EventDate "2020.04.30"]
[WhiteTeam "Hull and Friends 2"]
[BlackTeam "Rhydypenau Raiders"]

1. e4 e5 2. Bd3 Nf6 3. Nf3 Nc6 4. Nd4 exd4 5. c3 dxc3 6. dxc3 d6 7. O-O Bg4 8.
f3 Bh5 9. Qe1 Be7 10. Na3 O-O 11. Nc4 d5 12. exd5 Nxd5 13. Qe4 Bg6 14. Qd4 Nxd4
15. cxd4 Bxd3 16. Ne5 Bxf1 17. Kxf1 Bf6 18. Ng4 Bxd4 19. Ke2 Qe8+ 20. Kd3 Be5
21. Ke4 Qe6 22. Nxe5 f5+ 23. Kd4 c5+ 24. Kxc5 Qxe5 25. f4 Nxf4+ 26. Kc4 Qd5+
27. Kc3 Rac8+ 28. Kb4 Qc4+ 29. Ka3 Rc5 30. b3 Qa6+ 31. Kb2 Qe2+ 32. Ka3 Ra5+
33. Kb4 Qb5+ 34. Kc3 Qc5+ 35. Kb2 Nd3+ 36. Kb1 Qxc1# 0-1

[Event "Junior Online 4NCL Division 5"]
[Site "online"]
[Date "2020.04.30"]
[Round "3.65"]
[White "Wood, Philip A"]
[Black "Goldsmith, Henry"]
[Result "1-0"]
[WhiteElo "1427"]
[BlackElo "778"]
[PlyCount "181"]
[EventDate "2020.04.30"]
[WhiteTeam "Hull and Friends 2"]
[BlackTeam "Rhydypenau Raiders"]

1. d4 d5 2. Nc3 Nf6 3. Bf4 Nc6 4. Nf3 Bf5 5. e3 e6 6. Bd3 Bxd3 7. cxd3 Bb4 8.
Qd2 O-O 9. a3 Bd6 10. Bg3 Qe7 11. Ne5 Rad8 12. Nxc6 bxc6 13. O-O c5 14. dxc5
Bxc5 15. d4 Bd6 16. Rad1 Rfe8 17. Rfe1 c5 18. Bxd6 Qxd6 19. h3 cxd4 20. exd4 e5
21. dxe5 Rxe5 22. Rxe5 Qxe5 23. Qd4 Qxd4 24. Rxd4 g5 25. Nb5 a6 26. Nc3 Kg7 27.
Ne2 Kg6 28. Ng3 h6 29. Kh2 h5 30. Ne2 Kf5 31. f3 Ke5 32. Rd3 d4 33. g4 hxg4 34.
fxg4 Ke4 35. Rd1 d3 36. Nc3+ Ke3 37. Kg2 Ne4 38. Re1+ Kd2 39. Rxe4 Kc2 40. Re1
d2 41. Rd1 Kxb2 42. Ne4 Kc2 43. Nf2 Kb3 44. Kf3 Kxa3 45. Ke2 a5 46. Nd3 a4 47.
Rxd2 Kb3 48. Nc5+ Kb4 49. Rxd8 Kxc5 50. Ra8 Kb4 51. Kd2 Kb3 52. Kc1 a3 53. Kb1
f6 54. Rb8+ Ka4 55. Ka2 f5 56. gxf5 g4 57. Ra8+ Kb4 58. hxg4 Kb5 59. Rxa3 Kc4
60. Kb2 Kd5 61. Ra4 Ke5 62. Kc3 Kf6 63. g5+ Kxg5 64. Kd3 Kxf5 65. Ke3 Kg5 66.
Kf3 Kh5 67. Kg3 Kg5 68. Ra5+ Kf6 69. Kf4 Ke6 70. Ke4 Kd6 71. Rh5 Kc6 72. Kd4
Kb6 73. Kc4 Ka6 74. Kb4 Kb6 75. Rh6+ Kb7 76. Kb5 Kc7 77. Kc5 Kd7 78. Ra6 Ke7
79. Kd5 Kf7 80. Ke5 Kg7 81. Kf5 Kh7 82. Kg5 Kg7 83. Ra7+ Kg8 84. Kg6 Kf8 85.
Kf6 Ke8 86. Ke6 Kd8 87. Rh7 Kc8 88. Kd6 Kb8 89. Kc6 Ka8 90. Kb6 Kb8 91. Rh8#
1-0

[Event "Junior Online 4NCL Division 5"]
[Site "online"]
[Date "2020.04.30"]
[Round "3.66"]
[White "Morgan, Emyr"]
[Black "Wood, Gabriel"]
[Result "0-1"]
[WhiteElo "757"]
[BlackElo "1345"]
[PlyCount "74"]
[EventDate "2020.04.30"]
[WhiteTeam "Rhydypenau Raiders"]
[BlackTeam "Hull and Friends 2"]

1. e4 e5 2. Nf3 Nf6 3. Nc3 Nc6 4. Bc4 Bc5 5. Ng5 O-O 6. d3 d6 7. O-O h6 8. Nf3
Bg4 9. h3 Be6 10. Bb5 Qd7 11. d4 exd4 12. Nxd4 Bxd4 13. Ne2 Bb6 14. Be3 Bxe3
15. fxe3 a6 16. Bxc6 Qxc6 17. Nd4 Qxe4 18. Nxe6 Qxe6 19. Re1 Qe5 20. e4 Nxe4
21. Re2 d5 22. b3 Qd6 23. Re3 Qc5 24. Qe1 Rfe8 25. Kf1 Qxc2 26. Rc1 Qxa2 27.
Re2 Qxb3 28. Rd1 Ng3+ 29. Qxg3 Qxg3 30. Rxd5 Rxe2 31. Kxe2 Qxg2+ 32. Kd3 Qxd5+
33. Ke2 Re8+ 34. Kf2 Re4 35. Kg3 Qd3+ 36. Kf2 Re2+ 37. Kf1 Qd1# 0-1

[Event "Junior Online 4NCL Division 5"]
[Site "online"]
[Date "2020.04.30"]
[Round "3.67"]
[White "Pointon, Natasha"]
[Black "Greenman, Max"]
[Result "1-0"]
[WhiteElo "1165"]
[BlackElo "561"]
[PlyCount "117"]
[EventDate "2020.04.30"]
[WhiteTeam "Hull and Friends 2"]
[BlackTeam "Rhydypenau Raiders"]

1. e4 e5 2. Nf3 Nc6 3. Bc4 Nf6 4. Ng5 Bc5 5. Nxf7 Bxf2+ 6. Kf1 d5 7. Nxd8 dxc4
8. Kxf2 Nxe4+ 9. Ke1 Nxd8 10. Nc3 Nxc3 11. dxc3 O-O 12. Qe2 Nc6 13. Qxc4+ Rf7
14. Rf1 Be6 15. Qd3 Rxf1+ 16. Qxf1 Rf8 17. Qe2 b5 18. Qxb5 Bd7 19. Qd5+ Rf7 20.
Qc4 Kf8 21. Ke2 Re7 22. Qc5 e4 23. Bg5 Ke8 24. Bxe7 Nxe7 25. Rd1 Bg4+ 26. Ke1
Bxd1 27. Kxd1 Kd7 28. Qc4 e3 29. Ke2 Nf5 30. g3 Kd6 31. Qf4+ Ke6 32. g4 Nh4 33.
Qxe3+ Kf7 34. Qc5 Kg6 35. Qxc7 Ng2 36. Qxa7 Kh6 37. Qf2 g5 38. c4 Nf4+ 39. Kf3
Nh3 40. Qb6+ Kg7 41. c5 Ng1+ 42. Kf2 Nh3+ 43. Ke3 Nf4 44. c6 Ne6 45. c7 Nxc7
46. Qxc7+ Kg6 47. c4 h5 48. c5 hxg4 49. Qg3 Kf5 50. h3 gxh3 51. Qxh3+ g4 52.
Qg3 Kg5 53. c6 Kh5 54. c7 Kg5 55. c8=Q Kg6 56. Qc5 Kf6 57. Qxg4 Kf7 58. Qb6 Ke7
59. Qg7+ 1-0

[Event "Junior Online 4NCL Division 5"]
[Site "online"]
[Date "2020.04.30"]
[Round "3.68"]
[White "Kong, Emma"]
[Black "Device, Trinity"]
[Result "1-0"]
[WhiteElo "599"]
[BlackElo "932"]
[PlyCount "39"]
[EventDate "2020.04.30"]
[WhiteTeam "Rhydypenau Raiders"]
[BlackTeam "Hull and Friends 2"]

1. e4 e5 2. Nf3 Qe7 3. Nc3 Nc6 4. d3 Nh6 5. Bg5 f6 6. Bh4 Ng4 7. Be2 Qc5 8. O-O
Nxf2 9. Bxf2 Qe7 10. Nd5 Qe6 11. Nxc7+ Kd8 12. Nxe6+ Ke7 13. Nxf8 Kxf8 14. Bc5+
Kf7 15. d4 exd4 16. Nxd4 Nxd4 17. Qxd4 Rd8 18. Qd5+ Ke8 19. Bc4 d6 20. Qf7# 1-0

[Event "Junior Online 4NCL Division 5"]
[Site "online"]
[Date "2020.04.30"]
[Round "3.71"]
[White "Salussolia, Louis"]
[Black "Sharan, Kartike"]
[Result "0-1"]
[WhiteElo "1442"]
[BlackElo "1140"]
[PlyCount "62"]
[EventDate "2020.04.30"]
[WhiteTeam "May the Fork Be With You 1"]
[BlackTeam "Phones Junior A"]

1. e4 e5 2. Nf3 Nc6 3. d4 exd4 4. Nxd4 Nf6 5. Nxc6 bxc6 6. e5 Nd5 7. Bc4 Qe7 8.
O-O Nb6 9. Bb3 g6 10. Qd4 Bg7 11. Re1 O-O 12. Bf4 d6 13. Qe3 Re8 14. exd6 Qxe3
15. Rxe3 Rxe3 16. Bxe3 Bxb2 17. c3 Bxa1 18. Kf1 cxd6 19. Ke1 Bf5 20. Kd1 Bxb1
21. Kc1 Bf5 22. Bc2 Bxc3 23. Bxf5 gxf5 24. Bxb6 axb6 25. f4 Rxa2 26. g3 Rxh2
27. g4 fxg4 28. f5 g3 29. Kd1 Rf2 30. f6 g2 31. Kc1 g1=Q# 0-1

[Event "Junior Online 4NCL Division 5"]
[Site "online"]
[Date "2020.04.30"]
[Round "3.72"]
[White "Vadalia, Jainill"]
[Black "Walia, Michael Kanishk"]
[Result "1-0"]
[WhiteElo "1123"]
[BlackElo "1330"]
[PlyCount "79"]
[EventDate "2020.04.30"]
[WhiteTeam "Phones Junior A"]
[BlackTeam "May the Fork Be With You 1"]

1. d4 d5 2. c4 e6 3. Nf3 Nf6 4. e3 Be7 5. Be2 O-O 6. O-O Nbd7 7. Nc3 Nb6 8. c5
Nbd7 9. Qc2 b6 10. b4 bxc5 11. bxc5 c6 12. Rb1 Qc7 13. Bd2 e5 14. h3 exd4 15.
exd4 Re8 16. Bd3 g6 17. Rfe1 Bb7 18. Bh6 Rab8 19. Ne2 Ne4 20. Bf4 Qa5 21. Bxb8
Rxb8 22. Bxe4 dxe4 23. Qxe4 Bf6 24. Ng3 Qxa2 25. Ra1 Qc4 26. Rec1 Qd5 27. Qxd5
cxd5 28. c6 Bxc6 29. Rxc6 Kg7 30. Rc7 Nf8 31. Raxa7 Be7 32. Rxe7 Kh6 33. Rxf7
Nd7 34. Raxd7 Rb1+ 35. Kh2 Rh1+ 36. Nxh1 g5 37. Rxh7+ Kg6 38. Ne5+ Kf5 39. Ng3+
Kf6 40. Rd6# 1-0

[Event "Junior Online 4NCL Division 5"]
[Site "online"]
[Date "2020.04.30"]
[Round "3.73"]
[White "Shah, Rahul"]
[Black "Lukhi, Neev"]
[Result "1-0"]
[WhiteElo "1360"]
[BlackElo "969"]
[PlyCount "111"]
[EventDate "2020.04.30"]
[WhiteTeam "May the Fork Be With You 1"]
[BlackTeam "Phones Junior A"]

1. d4 Nf6 2. c4 e6 3. Nc3 Bb4 4. Qc2 O-O 5. a3 Be7 6. Nf3 d5 7. e3 Nc6 8. Bd2
Re8 9. Bd3 g6 10. e4 dxe4 11. Nxe4 b6 12. Be3 Bb7 13. O-O Rc8 14. b4 Bf8 15.
Bg5 Bg7 16. Rfe1 Nb8 17. h3 Nbd7 18. a4 a6 19. Rab1 Nf8 20. c5 h6 21. Bh4 g5
22. Bg3 N8h7 23. c6 Ba8 24. Bxa6 Rb8 25. Rbd1 Nxe4 26. Qxe4 Nf6 27. Qc2 Rf8 28.
Be5 Qe7 29. b5 Nd5 30. Bh2 Nb4 31. Qe4 Nxa6 32. bxa6 Rfe8 33. a7 Rbd8 34. d5
Kh8 35. Ne5 Kg8 36. Nd7 Rxd7 37. cxd7 Qxd7 38. dxe6 Qxe6 39. Qxe6 Rxe6 40. Rd8+
Bf8 41. Rxe6 fxe6 42. Rxa8 Kg7 43. Rxf8 Kxf8 44. a8=Q+ Kf7 45. Bxc7 Kf6 46.
Bxb6 Ke5 47. Qd8 Kf5 48. a5 Kf4 49. a6 Kf5 50. a7 Ke5 51. a8=Q Kf4 52. Qd4+ Kf5
53. Qf3+ Kg6 54. Qdf6+ Kh7 55. Qe4+ Kg8 56. Qeg6# 1-0

[Event "Junior Online 4NCL Division 5"]
[Site "online"]
[Date "2020.04.30"]
[Round "3.74"]
[White "Anbu, Rajkumar"]
[Black "Barbier-Ramaiah, Riya Aude"]
[Result "0-1"]
[WhiteElo "813"]
[BlackElo "1337"]
[PlyCount "96"]
[EventDate "2020.04.30"]
[WhiteTeam "Phones Junior A"]
[BlackTeam "May the Fork Be With You 1"]

1. e4 c6 2. c4 d5 3. exd5 cxd5 4. cxd5 Qxd5 5. Qa4+ Bd7 6. Nc3 Qe5+ 7. Qe4
Qxe4+ 8. Nxe4 Bf5 9. Bb5+ Bd7 10. Bxd7+ Nxd7 11. Nf3 Ngf6 12. d3 e6 13. a3 Be7
14. O-O O-O 15. Be3 a6 16. Bd4 Rac8 17. Nxf6+ Nxf6 18. Rac1 Rfd8 19. Rxc8 Rxc8
20. Bxf6 Bxf6 21. b4 h6 22. Nd2 Rc3 23. Ne4 Rxd3 24. Nxf6+ gxf6 25. a4 Rb3 26.
b5 axb5 27. axb5 Rxb5 28. h3 Rb2 29. Rd1 b5 30. Kh2 b4 31. f3 b3 32. Rd8+ Kg7
33. Rb8 Rb1 34. Kg3 Rb2 35. Rb7 Kg6 36. f4 Rb1 37. Kh4 Kf5 38. Rxf7 b2 39. g4+
Kxf4 40. Rxf6+ Ke5 41. Rxh6 Rd1 42. Rh5+ Kd6 43. g5 b1=Q 44. g6 Qxg6 45. Rd5+
Ke7 46. Rd7+ Kf6 47. Rd5 Qh6+ 48. Rh5 Qf4# 0-1

[Event "Junior Online 4NCL Division 5"]
[Site "online"]
[Date "2020.04.30"]
[Round "3.75"]
[White "Sharan, Kartike"]
[Black "Salussolia, Louis"]
[Result "1-0"]
[WhiteElo "1140"]
[BlackElo "1442"]
[PlyCount "43"]
[EventDate "2020.04.30"]
[WhiteTeam "Phones Junior A"]
[BlackTeam "May the Fork Be With You 1"]

1. e4 e6 2. d4 d5 3. e5 c5 4. Nf3 cxd4 5. Nxd4 Bc5 6. Nb3 Bb6 7. Nc3 Nc6 8. Bb5
a6 9. Bxc6+ bxc6 10. Qg4 d4 11. Qxg7 dxc3 12. Qxh8 Kd7 13. O-O Ke7 14. Bg5+ Ke8
15. Qxg8+ Kd7 16. Rad1+ Kc7 17. Bxd8+ Kb7 18. Bxb6 Kxb6 19. Qd8+ Kb7 20. Na5+
Ka7 21. Qc7+ Bb7 22. Qxb7# 1-0

[Event "Junior Online 4NCL Division 5"]
[Site "online"]
[Date "2020.04.30"]
[Round "3.76"]
[White "Walia, Michael Kanishk"]
[Black "Vadalia, Jainill"]
[Result "0-1"]
[WhiteElo "1330"]
[BlackElo "1123"]
[PlyCount "68"]
[EventDate "2020.04.30"]
[WhiteTeam "May the Fork Be With You 1"]
[BlackTeam "Phones Junior A"]

1. e4 b6 2. d4 Bb7 3. Nc3 e6 4. Nf3 d5 5. e5 Nd7 6. Be3 c5 7. Be2 Ne7 8. O-O
Nc6 9. dxc5 bxc5 10. Bd2 Ndxe5 11. Nxe5 Nxe5 12. Bf4 Ng6 13. Bg3 Bd6 14. Bb5+
Ke7 15. Bxd6+ Qxd6 16. Qf3 Rhd8 17. Rfe1 Kf8 18. Qh3 Kg8 19. Rad1 a6 20. Be2
Qf4 21. g3 Qf6 22. b3 Qxc3 23. Bd3 Qf6 24. Bxg6 Qxg6 25. Qh4 d4 26. Re3 Qxc2
27. Ree1 Qf5 28. Re3 g5 29. Qh5 dxe3 30. Rxd8+ Rxd8 31. Qe2 Bf3 32. Qf1 Rd1 33.
b4 Qh3 34. g4 Rxf1# 0-1

[Event "Junior Online 4NCL Division 5"]
[Site "online"]
[Date "2020.04.30"]
[Round "3.77"]
[White "Lukhi, Neev"]
[Black "Shah, Rahul"]
[Result "1-0"]
[WhiteElo "969"]
[BlackElo "1360"]
[PlyCount "103"]
[EventDate "2020.04.30"]
[WhiteTeam "Phones Junior A"]
[BlackTeam "May the Fork Be With You 1"]

1. e4 c5 2. Nf3 d6 3. d4 cxd4 4. Nxd4 Nf6 5. Nc3 g6 6. Be3 Bg7 7. h3 O-O 8. Qd2
Re8 9. Bh6 Bh8 10. O-O-O Nc6 11. Kb1 Qb6 12. Nxc6 bxc6 13. Be3 Qb7 14. b3 Be6
15. g4 Qb4 16. f3 Rab8 17. g5 Nxe4 18. Nxe4 Qa3 19. Qc1 Rxb3+ 20. cxb3 Qa5 21.
Bd4 Bxd4 22. Rxd4 Bf5 23. Ra4 Qb6 24. Bg2 d5 25. Qg1 Qb5 26. Bf1 Qb7 27. Qxa7
Qxa7 28. Rxa7 dxe4 29. Kb2 exf3 30. Rh2 Rd8 31. Rf2 e6 32. Rc7 Rd6 33. Rxf3
Rd2+ 34. Ka3 Bb1 35. Rxc6 Rxa2+ 36. Kb4 Ra8 37. Rfc3 Rb8+ 38. Ka3 Ra8+ 39. Kb2
Be4 40. Rc8+ Rxc8 41. Rxc8+ Kg7 42. b4 e5 43. Re8 Bf5 44. Rxe5 Be6 45. b5 Bf5
46. b6 Bc8 47. Re8 Bb7 48. Rb8 Be4 49. b7 Bd5 50. Rg8+ Kxg8 51. b8=Q+ Kg7 52.
Qe5+ 1-0

[Event "Junior Online 4NCL Division 5"]
[Site "online"]
[Date "2020.04.30"]
[Round "3.78"]
[White "Barbier-Ramaiah, Riya Aude"]
[Black "Anbu, Rajkumar"]
[Result "0-1"]
[WhiteElo "1337"]
[BlackElo "813"]
[PlyCount "42"]
[EventDate "2020.04.30"]
[WhiteTeam "May the Fork Be With You 1"]
[BlackTeam "Phones Junior A"]

1. e4 e5 2. Nf3 Nc6 3. d4 exd4 4. Nxd4 Bc5 5. Be3 Bxd4 6. Bxd4 Nf6 7. e5 Nd5 8.
Bc4 Nde7 9. O-O Nf5 10. Bc3 d6 11. Re1 O-O 12. exd6 Nxd6 13. Nd2 Qh4 14. Bb3
Be6 15. Bxe6 fxe6 16. Rxe6 Qxf2+ 17. Kh1 Nf5 18. Qg1 Qxg1+ 19. Kxg1 Rad8 20.
Rae1 Nfd4 21. Bxd4 Nxd4 0-1

[Event "Junior Online 4NCL Division 5"]
[Site "online"]
[Date "2020.04.30"]
[Round "3.81"]
[White "Zheng, Kevin"]
[Black "Flinn, David"]
[Result "1-0"]
[WhiteElo "1300"]
[BlackElo "762"]
[PlyCount "107"]
[EventDate "2020.04.30"]
[WhiteTeam "Liverpool 2"]
[BlackTeam "Gonzaga College SJ D"]

1. e4 e5 2. Nf3 Nc6 3. Bb5 a6 4. Ba4 b5 5. Bb3 Nf6 6. O-O Nxe4 7. Re1 d5 8. d3
Nf6 9. Nxe5 Nxe5 10. Rxe5+ Be6 11. Bg5 Bd6 12. Re1 h6 13. Bh4 Be7 14. Nd2 a5
15. a4 bxa4 16. Bxa4+ Bd7 17. Bxf6 gxf6 18. Qf3 Bxa4 19. Rxa4 Qd7 20. Qxf6 Rg8
21. Rf4 Rf8 22. Qxh6 Rb8 23. b3 Rb6 24. Qg5 Re6 25. Rxe6 Qxe6 26. Qf5 Qe1+ 27.
Nf1 Qe6 28. Qxe6 fxe6 29. Rxf8+ Bxf8 30. Ne3 Bh6 31. h4 Kf7 32. g3 Kf6 33. Kg2
d4 34. Ng4+ Kg6 35. Nxh6 Kxh6 36. Kf3 Kg6 37. g4 c5 38. h5+ Kg5 39. Ke4 Kf6 40.
f4 Kf7 41. f5 exf5+ 42. Kxf5 Kg7 43. g5 Kf7 44. h6 Kg8 45. Kf6 Kh7 46. g6+ Kh8
47. g7+ Kh7 48. Kf7 Kxh6 49. g8=Q Kh5 50. Kf6 Kh4 51. Kf5 Kh3 52. Kf4 Kh2 53.
Kf3 Kh1 54. Qg2# 1-0

[Event "Junior Online 4NCL Division 5"]
[Site "online"]
[Date "2020.04.30"]
[Round "3.82"]
[White "Conway, Tom"]
[Black "Enshaeian, Arad"]
[Result "1-0"]
[WhiteElo "747"]
[BlackElo "1225"]
[PlyCount "141"]
[EventDate "2020.04.30"]
[WhiteTeam "Gonzaga College SJ D"]
[BlackTeam "Liverpool 2"]

1. d4 d5 2. Bf4 Nf6 3. Nf3 Nc6 4. e3 Bg4 5. Nbd2 e6 6. c3 Bd6 7. Bg3 O-O 8. Bd3
Bxg3 9. hxg3 Re8 10. Qc2 Bxf3 11. Nxf3 e5 12. Bxh7+ Nxh7 13. Qxh7+ Kf8 14. Qh8+
Ke7 15. Qxg7 Rg8 16. Qh6 Rg6 17. Qh4+ Kf8 18. Qxd8+ Rxd8 19. Rh8+ Rg8 20. Rxg8+
Kxg8 21. Nxe5 Nxe5 22. dxe5 Re8 23. f4 f6 24. O-O-O fxe5 25. Rxd5 exf4 26. exf4
Re1+ 27. Kc2 Re2+ 28. Rd2 Re1 29. Kb3 Rh1 30. Kb4 Kf7 31. Rd7+ Ke6 32. Rxc7 Rg1
33. Rxb7 Rxg2 34. Rg7 Kf6 35. Rg8 Kf7 36. Rg4 Rxb2+ 37. Ka3 Rc2 38. Kb3 Rg2 39.
a4 Rg1 40. Kb4 Rb1+ 41. Ka5 Rc1 42. Kb4 Rb1+ 43. Ka3 Ra1+ 44. Kb3 Rb1+ 45. Ka2
Rc1 46. Kb2 Rf1 47. c4 Rf2+ 48. Kb3 Rf3+ 49. Kb4 Rf1 50. f5 Rxf5 51. Rf4 Ke6
52. Rxf5 Kxf5 53. Ka5 Kg4 54. Ka6 Kxg3 55. Kxa7 Kf4 56. a5 Ke4 57. a6 Kd4 58.
Kb7 Kxc4 59. a7 Kb5 60. a8=Q Kb4 61. Qc8 Kb5 62. Qc6+ Kb4 63. Kb6 Kb3 64. Qc5
Kb2 65. Qc4 Kb1 66. Qc3 Ka2 67. Qb4 Ka1 68. Kc5 Ka2 69. Kc4 Ka1 70. Kc3 Ka2 71.
Qb2# 1-0

[Event "Junior Online 4NCL Division 5"]
[Site "online"]
[Date "2020.04.30"]
[Round "3.83"]
[White "King, Alex"]
[Black "Carton, John"]
[Result "1/2-1/2"]
[WhiteElo "1127"]
[BlackElo "716"]
[PlyCount "191"]
[EventDate "2020.04.30"]
[WhiteTeam "Liverpool 2"]
[BlackTeam "Gonzaga College SJ D"]

1. e4 e5 2. Nf3 Nc6 3. Bb5 Bc5 4. O-O Nf6 5. d3 d6 6. Bg5 h6 7. Bxf6 Qxf6 8.
Nbd2 Bg4 9. h3 Bh5 10. c3 O-O 11. a3 a6 12. Bc4 b5 13. Bd5 Rad8 14. Bxc6 Qe7
15. Qc2 Bb6 16. Bb7 a5 17. Bc6 b4 18. axb4 axb4 19. Rfe1 bxc3 20. bxc3 Qf6 21.
Rf1 Qg6 22. d4 exd4 23. cxd4 Qf6 24. d5 Bg6 25. Rab1 Qe7 26. Rfe1 Ba5 27. Qa4
Bb6 28. Nc4 Rb8 29. Nxb6 cxb6 30. Rxb6 Rxb6 31. Bb5 Rbb8 32. Bd3 Ra8 33. Qc6
Rac8 34. Qb5 Bh5 35. g4 Bg6 36. Kg2 f6 37. Be2 Rb8 38. Qd3 Kh7 39. Nh4 Rbc8 40.
Nxg6 Kxg6 41. e5+ Kf7 42. exd6 Qxd6 43. Bf3 Kg8 44. Re6 Qd7 45. d6 Rfd8 46. Bd5
Rb8 47. Re7+ Kf8 48. Rxd7 Rxd7 49. Bf3 Rbd8 50. Qe2 Rxd6 51. Qb2 Kg8 52. Qb3+
Kh7 53. Be4+ Kh8 54. Bg6 R8d7 55. Bf5 Rd5 56. Qb8+ Rd8 57. Qb7 Rxf5 58. gxf5
Kg8 59. Qb3+ Kh8 60. h4 Re8 61. f3 Kh7 62. Kg3 Re5 63. Qd3 Kg8 64. Kf4 Kh7 65.
Qd7 Re1 66. Qd2 Rh1 67. Qf2 Ra1 68. Kg4 Ra4+ 69. f4 Ra3 70. h5 Rb3 71. Qc2 Rb4
72. Qc3 Rb1 73. Kh4 Rh1+ 74. Kg4 Rg1+ 75. Kf3 Rf1+ 76. Ke4 Rh1 77. Qg3 Rb1 78.
Qg6+ Kg8 79. Kd5 Rb5+ 80. Ke6 Rb6+ 81. Ke7 Rb7+ 82. Ke6 Rb6+ 83. Ke7 Rb7+ 84.
Ke8 Rb8+ 85. Kd7 Rb7+ 86. Kc6 Rb2 87. Qe8+ Kh7 88. Kd7 Rd2+ 89. Ke7 Re2+ 90.
Kf7 Rxe8 91. Kxe8 Kg8 92. Ke7 Kh7 93. Kf8 Kh8 94. Kf7 Kh7 95. Kf8 Kh8 96. Kf7
1/2-1/2

[Event "Junior Online 4NCL Division 5"]
[Site "online"]
[Date "2020.04.30"]
[Round "3.84"]
[White "Shelley, Bill"]
[Black "Korsinskij, Alexander"]
[Result "0-1"]
[WhiteElo "392"]
[BlackElo "1082"]
[PlyCount "66"]
[EventDate "2020.04.30"]
[WhiteTeam "Gonzaga College SJ D"]
[BlackTeam "Liverpool 2"]

1. e4 e6 2. Nf3 d5 3. exd5 exd5 4. Nc3 Nf6 5. d4 c5 6. dxc5 Bxc5 7. Bb5+ Bd7 8.
Bxd7+ Nbxd7 9. Nxd5 Ne5 10. Nxf6+ Qxf6 11. O-O O-O 12. Nxe5 Qxe5 13. Re1 Qf6
14. Be3 Bd6 15. Bd4 Qh4 16. h3 Rfd8 17. Bc3 Bh2+ 18. Kxh2 Rxd1 19. Rexd1 Qxf2
20. Rd5 Qf4+ 21. Kg1 Qe4 22. Rg5 g6 23. Rb5 Qxc2 24. Rxb7 Qe4 25. Rd1 Qxb7 26.
Re1 Qb6+ 27. Kf1 Qb5+ 28. Re2 Re8 29. Kf2 Qxe2+ 30. Kg3 Re3+ 31. Kf4 Qf2+ 32.
Kg5 f6+ 33. Kh6 Qh4# 0-1

[Event "Junior Online 4NCL Division 5"]
[Site "online"]
[Date "2020.04.30"]
[Round "3.85"]
[White "Flinn, David"]
[Black "Zheng, Kevin"]
[Result "1/2-1/2"]
[WhiteElo "762"]
[BlackElo "1300"]
[PlyCount "80"]
[EventDate "2020.04.30"]
[WhiteTeam "Gonzaga College SJ D"]
[BlackTeam "Liverpool 2"]

1. e4 e5 2. Nf3 Nc6 3. Bc4 Bc5 4. Nc3 d6 5. d3 h6 6. Be3 Bxe3 7. fxe3 Bg4 8.
O-O Nf6 9. Nd5 O-O 10. c3 Na5 11. Nxf6+ Qxf6 12. Bb3 Nxb3 13. axb3 Qg6 14. Qd2
f5 15. exf5 Bxf5 16. e4 Bg4 17. Qe3 a6 18. Nh4 Qh5 19. Rxf8+ Rxf8 20. Qg3 Be6
21. c4 Qg4 22. Qxg4 Bxg4 23. Re1 g5 24. Nf3 Bxf3 25. gxf3 Rxf3 26. Rd1 Kg7 27.
Kg2 Rf4 28. Rd2 Kg6 29. b4 h5 30. c5 dxc5 31. bxc5 h4 32. h3 Rf6 33. b4 b6 34.
d4 exd4 35. Rxd4 bxc5 36. bxc5 Rc6 37. Rc4 Kf6 38. Kf3 a5 39. Kg4 Ra6 40. Ra4
Re6 1/2-1/2

[Event "Junior Online 4NCL Division 5"]
[Site "online"]
[Date "2020.04.30"]
[Round "3.86"]
[White "Enshaeian, Arad"]
[Black "Conway, Tom"]
[Result "1/2-1/2"]
[WhiteElo "1225"]
[BlackElo "747"]
[PlyCount "118"]
[EventDate "2020.04.30"]
[WhiteTeam "Liverpool 2"]
[BlackTeam "Gonzaga College SJ D"]

1. e4 e5 2. Nf3 Nc6 3. Bc4 Bc5 4. d3 d6 5. h3 h6 6. O-O Nf6 7. Be3 Bb6 8. Nc3
O-O 9. Re1 Na5 10. Bb3 Nxb3 11. axb3 Be6 12. Bxb6 axb6 13. Rxa8 Qxa8 14. Qa1
Qxa1 15. Rxa1 c5 16. Ra7 Rb8 17. Nb5 Ne8 18. Na3 Bd7 19. Nc4 b5 20. Nb6 Bc6 21.
Nd5 Bxd5 22. exd5 Nf6 23. c4 bxc4 24. bxc4 b5 25. cxb5 Rxb5 26. Ra2 Nxd5 27.
Ra8+ Kh7 28. Rd8 Rb6 29. Nxe5 Nb4 30. Nxf7 Nxd3 31. Rxd6 Rxd6 32. Nxd6 Nxb2 33.
Kf1 c4 34. Ke1 c3 35. Ne4 Na4 36. Kd1 Kg6 37. Kc2 Kf5 38. Nxc3 Nxc3 39. Kxc3
Ke4 40. Kd2 g5 41. Ke2 h5 42. f3+ Kf4 43. Kf2 h4 44. Ke2 Kg3 45. Kf1 Kf4 46.
Kf2 Kf5 47. g3 hxg3+ 48. Kxg3 Kg6 49. Kg4 Kf6 50. f4 gxf4 51. Kxf4 Kg7 52. Kg5
Kh7 53. Kh5 Kh8 54. Kg6 Kg8 55. h4 Kh8 56. Kf7 Kh7 57. Kf6 Kh6 58. Kf5 Kh5 59.
Kf4 Kxh4 1/2-1/2

[Event "Junior Online 4NCL Division 5"]
[Site "online"]
[Date "2020.04.30"]
[Round "3.87"]
[White "Carton, John"]
[Black "King, Alex"]
[Result "1-0"]
[WhiteElo "716"]
[BlackElo "1127"]
[PlyCount "145"]
[EventDate "2020.04.30"]
[WhiteTeam "Gonzaga College SJ D"]
[BlackTeam "Liverpool 2"]

1. e4 e5 2. Nf3 Nc6 3. Bb5 a6 4. Bxc6 bxc6 5. Nc3 d6 6. d3 Nf6 7. Bg5 Be7 8.
O-O O-O 9. h3 Rb8 10. Rb1 h6 11. Bh4 Nh7 12. Bxe7 Qxe7 13. Re1 Qf6 14. a3 Qg6
15. Kh2 Ng5 16. Nxg5 Qxg5 17. Qf3 f5 18. exf5 Rxf5 19. Qg3 Qf4 20. Qxf4 Rxf4
21. f3 Be6 22. b3 Bf7 23. Ne2 Rh4 24. g3 Rh5 25. g4 Rg5 26. h4 Rg6 27. d4 Bd5
28. Kg3 h5 29. dxe5 hxg4 30. fxg4 dxe5 31. Nc3 Re8 32. Rbd1 Rd6 33. Ne2 Rf8 34.
Rf1 Rdf6 35. Rxf6 Rxf6 36. c4 Rf3+ 37. Kh2 Rf2+ 38. Kg3 Rxe2 39. cxd5 cxd5 40.
Rxd5 Re3+ 41. Kf2 Rxb3 42. Rxe5 Rxa3 43. Re8+ Kf7 44. Re4 c5 45. Rf4+ Ke6 46.
Rc4 Ra2+ 47. Kf3 Ra3+ 48. Ke4 Kd6 49. Kf5 a5 50. h5 Kd5 51. Rc1 c4 52. Kf4 Kd4
53. g5 c3 54. h6 gxh6 55. gxh6 Kd3 56. h7 Ra4+ 57. Kg5 c2 58. h8=Q Kd2 59. Qh1
Rb4 60. Kf5 Rb1 61. Qh6+ Kc3 62. Qe3+ Kb2 63. Rxc2+ Kxc2 64. Qe4+ Kc1 65. Qe1+
Kb2 66. Qxa5 Rf1+ 67. Ke4 Kb1 68. Qb5+ Ka1 69. Qxf1+ Ka2 70. Qb5 Ka3 71. Kd3
Ka2 72. Kc3 Ka3 73. Qb3# 1-0